Widok standardowy
Widok MARC
Pozycja Personal Name
Liczba rekordów, w których użyto hasła: 1
001 - Numer kontrolny
- control field: 40532
003 - Identyfikator numeru kontrolnego
- control field: NUKAT
005 - Data i czas ostatniej modyfikacji
- control field: 20260425212342.0
008 - Dane kontrolne kodowane (40 znaków)
- fixed length control field: 060728n||aaznnbabn |a ana |c
010 ## - Numer kontrolny Biblioteki Kongresu
- numer kontrolny LC: s 2006203708
040 ## - Instytucja sporządzająca rekord
- inst. przygot. dane do rek. khw: GD U/KM
- język haseł przedmiotowych/tezaurus: kaba
- inst. wprow. rek. khw: GD U/KM
100 0# - Hasło - nazwa osobowa
- nazwa osobowa w formie ujednoliconej: Stefan Batory
- dopowiedzenie inne niż daty biograficzne: (król Polski ;
- daty biograficzne: 1533-1586)
- określnik rzeczowy: i Gdańsk.